Notes sur le Désert lybique : "Cellia" et ses couvents /

محفوظ في:

المؤلف الرئيسي: Ṭūsūn, ʻUmar, Prince, 1872-1944.

التنسيق: كتاب

اللغة: French

منشور في: Alexandrie : Société de publications égyptiennes, 1935.

سلاسل: Mémoires de la Société royale d'archéologie d'Alexandre ; t. 7, 1.

الموضوعات:

الوسوم: إضافة وسم

لا توجد وسوم, كن أول من يضع وسما على هذه التسجيلة!

رقم الطلب: ( P )DT73 .N3 U5 1935

LEADER 00919nam a2200217Ia 4500
003 OSt
005 20240708103501.0
008 880406s1935 ua 000 0 fre u
952 |0 0  |1 0  |2 lcc  |4 0  |7 1  |9 43805  |a ARCE  |b ARCE  |d 2022-11-24  |l 0  |o ( P )DT73 .N3 U5 1935  |p 1020933  |r 2022-11-24 00:00:00  |w 2022-11-24  |y BK 
999 |c 50262  |d 50262 
040 |c ARCE Library 
050 4 |a ( P )DT73 .N3 U5 1935 
100 1 |a Ṭūsūn, ʻUmar,   |c Prince,   |d 1872-1944. 
245 1 0 |a Notes sur le Désert lybique :   |b "Cellia" et ses couvents /   |c par le Prince Omar Toussoun. 
246 3 0 |a "Cellia" et ses couvents. 
264 1 |a Alexandrie :   |b Société de publications égyptiennes,   |c 1935. 
300 |a 35 p. :   |b 10 plates (incl. maps (1 fold.) plans (1 fold.)) ;   |c 28 cm. 
490 0 |a Mémoires de la Société royale d'archéologie d'Alexandre ; t. 7, 1. 
650 0 |a Monasteries -- Egypt -- Natrun Valley. 
901 |a reviewed 
942 |2 lcc  |c BK